101 Key Ideas: History. (Record no. 3049)

MARC details
000 -LEADER
fixed length control field 00341nam a22001217a 4500
005 - DATE AND TIME OF LATEST TRANSACTION
control field 20200929105258.0
008 - FIXED-LENGTH DATA ELEMENTS--GENERAL INFORMATION
fixed length control field 200929b ||||| |||| 00| 0 eng d
020 ## - INTERNATIONAL STANDARD BOOK NUMBER
International Standard Book Number 0340845406
040 ## - CATALOGING SOURCE
Transcribing agency CML
245 ## - TITLE STATEMENT
Title 101 Key Ideas: History.
Statement of responsibility, etc. Frey, H.
260 ## - PUBLICATION, DISTRIBUTION, ETC.
Place of publication, distribution, etc. London
Name of publisher, distributor, etc. McGrew-Hill Companies.
Date of publication, distribution, etc. 2002
942 ## - ADDED ENTRY ELEMENTS (KOHA)
Source of classification or shelving scheme Dewey Decimal Classification
Koha item type Books
Classification part 900
Call number suffix FRE
Holdings
Withdrawn status Lost status Source of classification or shelving scheme Damaged status Not for loan Collection code Home library Current library Shelving location Date acquired Total Checkouts Full call number Barcode Date last seen Price effective from Koha item type
    Dewey Decimal Classification     Geography & History Chalimbana Main Library Chalimbana Main Library Geography & History 09/29/2020   900 FRE 97803408454 09/29/2020 09/29/2020 Books

Powered by Koha